[Event "36. Copenhagen Open (Politiken Cup)"]
[Site "Elsinore"]
[Date "2014.07.23"]
[Round "4"]
[White "Skjoldager, Per"]
[Black "Nilssen, John Arni"]
[Result "1/2-1/2"]
[WhiteElo "2131"]
[BlackElo "2322"]
[PlyCount "50"]
[EventDate "2014.07.21"]
[EventType "swiss"]
[EventRounds "10"]
[EventCountry "DEN"]
[Source "ChessBase"]
[SourceDate "2014.08.29"]

1. e4 c5 2. c3 e6 3. d4 d5 4. exd5 exd5 5. Nf3 Nc6 6. dxc5 Bxc5 7. Nbd2 Qb6 8.
Qe2+ Nge7 9. Nb3 Bd6 10. Be3 Qc7 11. Nbd4 a6 12. g3 O-O 13. Bg2 Bg4 14. Qd2 Na5
15. b3 Rac8 16. O-O Rfe8 17. h3 Bd7 18. Ne2 Nf5 19. Bf4 Bb5 20. Bxd6 Nxd6 21.
Nfd4 Ne4 22. Bxe4 dxe4 23. Nxb5 axb5 24. Qe3 Nc6 25. Rfd1 Rcd8 1/2-1/2

[Event "36. Copenhagen Open (Politiken Cup)"]
[Site "Elsinore"]
[Date "2014.07.23"]
[Round "4"]
[White "Skou, Niels"]
[Black "Christenson, Bjorn Aa"]
[Result "1/2-1/2"]
[WhiteElo "2141"]
[BlackElo "1931"]
[PlyCount "29"]
[EventDate "2014.07.21"]
[EventType "swiss"]
[EventRounds "10"]
[EventCountry "DEN"]
[Source "ChessBase"]
[SourceDate "2014.08.29"]

1. Nf3 d5 2. d4 Nf6 3. c4 c6 4. e3 Bg4 5. Nc3 e6 6. h3 Bh5 7. b3 Bb4 8. Bd2 Qa5
9. Rc1 Qa3 10. Bd3 Bxc3 11. Bxc3 Ne4 12. Qc2 Nxc3 13. Qxc3 Bxf3 14. gxf3 Qe7
15. O-O 1/2-1/2

[Event "36. Copenhagen Open (Politiken Cup)"]
[Site "Elsinore"]
[Date "2014.07.23"]
[Round "4"]
[White "Smerdon, David"]
[Black "Hendrickson, Nolan"]
[Result "1-0"]
[WhiteElo "2519"]
[BlackElo "2168"]
[PlyCount "95"]
[EventDate "2014.07.21"]
[EventType "swiss"]
[EventRounds "10"]
[EventCountry "DEN"]
[Source "ChessBase"]
[SourceDate "2014.08.29"]

1. e4 c5 2. c3 Nf6 3. e5 Nd5 4. Nf3 d6 5. d4 cxd4 6. cxd4 dxe5 7. dxe5 Nc6 8.
Bc4 Ndb4 9. Qxd8+ Nxd8 10. Na3 Bg4 11. O-O Ndc6 12. e6 Bxe6 13. Bxe6 fxe6 14.
Bd2 Nd5 15. Ng5 e5 16. Rfe1 g6 17. Rad1 Nc7 18. Bc3 Bg7 19. Nc4 O-O 20. Na5
Nxa5 21. Bxa5 b6 22. Bb4 Bf6 23. Ne4 Rfd8 24. Rxd8+ Rxd8 25. Nxf6+ exf6 26. Be7
Re8 27. Bxf6 e4 28. Rd1 Ne6 29. Kf1 Kf7 30. Bc3 Re7 31. g3 Nc5 32. Ke2 Ke6 33.
Rd4 Rd7 34. Ke3 Rxd4 35. Kxd4 Kf5 36. h3 h5 37. a3 h4 38. b4 hxg3 39. fxg3 Nd3
40. Ke3 Ke6 41. g4 g5 42. Kxe4 Nf2+ 43. Kf3 Nxh3 44. Bd2 Kf6 45. Kg2 Nf4+ 46.
Bxf4 gxf4 47. Kf3 Kg5 48. b5 1-0

[Event "36. Copenhagen Open (Politiken Cup)"]
[Site "Elsinore"]
[Date "2014.07.23"]
[Round "4"]
[White "Sorensen, Bernhard W"]
[Black "Nielsen, Kai Gylling"]
[Result "0-1"]
[WhiteElo "1628"]
[BlackElo "1897"]
[PlyCount "64"]
[EventDate "2014.07.21"]
[EventType "swiss"]
[EventRounds "10"]
[EventCountry "DEN"]
[Source "ChessBase"]
[SourceDate "2014.08.29"]

1. e4 c5 2. Nf3 Nc6 3. d4 cxd4 4. Nxd4 g6 5. Nc3 Bg7 6. Be3 a6 7. Bc4 e6 8. Qd2
b5 9. Bb3 Bb7 10. g4 Ne5 11. f3 Rc8 12. O-O-O Ne7 13. Bh6 O-O 14. Bxg7 Kxg7 15.
h4 N7c6 16. g5 Na5 17. h5 Nxb3+ 18. axb3 b4 19. Na4 Qa5 20. hxg6 hxg6 21. f4
Bxe4 22. fxe5 Bxh1 23. Rxh1 Qxe5 24. Nf3 Qe4 25. Rh4 Qxf3 26. Qd4+ f6 27. Qxd7+
Rf7 28. Rh7+ Kxh7 29. Qxf7+ Kh8 30. Qxg6 Qf1+ 31. Kd2 Qf2+ 32. Kd1 Rd8+ 0-1

[Event "36. Copenhagen Open (Politiken Cup)"]
[Site "Elsinore"]
[Date "2014.07.23"]
[Round "4"]
[White "Sorensen, Dick"]
[Black "Schmidt, Horst Hubert"]
[Result "1-0"]
[WhiteElo "1977"]
[BlackElo "1767"]
[PlyCount "97"]
[EventDate "2014.07.21"]
[EventType "swiss"]
[EventRounds "10"]
[EventCountry "DEN"]
[Source "ChessBase"]
[SourceDate "2014.08.29"]

1. d4 d5 2. Bf4 e6 3. e3 Nf6 4. Bd3 Nbd7 5. Nd2 c5 6. c3 Qb6 7. Qc2 Nh5 8. Bg3
f5 9. Ngf3 Be7 10. Be5 Nhf6 11. O-O O-O 12. Rfd1 Ne4 13. Bf1 Ndf6 14. h3 Bd7
15. Nxe4 dxe4 16. Nd2 Nd5 17. Nc4 Qc6 18. a4 cxd4 19. exd4 a6 20. a5 Bg5 21.
Bd6 e3 22. Bxf8 exf2+ 23. Qxf2 Rxf8 24. Qf3 Qc7 25. Ne5 Be8 26. Bc4 Nf4 27. h4
Bh5 28. Bxe6+ Kh8 29. g4 Bxg4 30. Nxg4 fxg4 31. Qxg4 Ne2+ 32. Qxe2 Qg3+ 33. Qg2
Be3+ 34. Kh1 Qxh4+ 35. Bh3 g5 36. Rf1 Bf4 37. Qg4 Qh6 38. Rae1 Qc6+ 39. Bg2
Qh6+ 40. Qh3 Qg7 41. Qh5 Qd7 42. Qh6 Rf7 43. Qe6 Qc7 44. d5 Kg7 45. d6 Qxa5 46.
d7 Rf6 47. Qe7+ Rf7 48. d8=Q Qf5 49. Qdf8+ 1-0

[Event "36. Copenhagen Open (Politiken Cup)"]
[Site "Elsinore"]
[Date "2014.07.23"]
[Round "4"]
[White "Stam, Bart"]
[Black "Larsen, Preben R"]
[Result "1-0"]
[WhiteElo "2017"]
[BlackElo "1833"]
[PlyCount "89"]
[EventDate "2014.07.21"]
[EventType "swiss"]
[EventRounds "10"]
[EventCountry "DEN"]
[Source "ChessBase"]
[SourceDate "2014.08.29"]

1. e4 c5 2. Nf3 Nc6 3. Bb5 a6 4. Bxc6 dxc6 5. h3 g6 6. O-O Bg7 7. c3 c4 8. b3
Qd3 9. Re1 cxb3 10. axb3 Nh6 11. Ba3 Qd8 12. d4 f6 13. Nbd2 Nf7 14. Nf1 O-O 15.
Ne3 Re8 16. Qd2 Nd6 17. Nc2 Nb5 18. Bb2 Nc7 19. c4 b5 20. Rad1 Bb7 21. e5 fxe5
22. Nxe5 a5 23. Qf4 Rf8 24. Qe4 Qd6 25. Qg4 Bc8 26. Qg3 Bf5 27. Ne3 Rad8 28. c5
Qf6 29. N3g4 Bxg4 30. Nxg4 Qf4 31. Rxe7 Nd5 32. Re6 Qf5 33. Re2 Nf4 34. Red2
Rfe8 35. Ne3 Qe4 36. Kh2 Nd5 37. Ng4 Nf4 38. d5 Rxd5 39. Bxg7 Kxg7 40. Qc3+
Ree5 41. f3 Qb4 42. Qb2 Ne2 43. Rxe2 Kf8 44. Rxe5 Qf4+ 45. g3 1-0

[Event "36. Copenhagen Open (Politiken Cup)"]
[Site "Elsinore"]
[Date "2014.07.23"]
[Round "4"]
[White "Starup, Leo"]
[Black "Alfven, Jorgen"]
[Result "0-1"]
[WhiteElo "1594"]
[BlackElo "1883"]
[PlyCount "60"]
[EventDate "2014.07.21"]
[EventType "swiss"]
[EventRounds "10"]
[EventCountry "DEN"]
[Source "ChessBase"]
[SourceDate "2014.08.29"]

1. d4 Nf6 2. c4 e6 3. Nc3 c5 4. Nf3 cxd4 5. Nxd4 Nc6 6. Nxc6 bxc6 7. g3 d5 8.
cxd5 cxd5 9. e3 Bd7 10. Bg2 Bb4 11. O-O O-O 12. Bd2 Rb8 13. a3 Bd6 14. b4 Qb6
15. Rb1 Rfc8 16. Qe2 Be5 17. Rfc1 Ne8 18. Bf1 Nd6 19. b5 Nc4 20. Na4 Qb7 21.
Bb4 Bxb5 22. Nc5 Qc6 23. Qc2 Bd6 24. Bxc4 dxc4 25. a4 Bxc5 26. axb5 Rxb5 27.
Qxc4 Qb7 28. Qxb5 Qxb5 29. Rxc5 Rxc5 30. Rd1 Rd5 0-1

[Event "36. Copenhagen Open (Politiken Cup)"]
[Site "Elsinore"]
[Date "2014.07.23"]
[Round "4"]
[White "Strachan, Christian C"]
[Black "Petersen, Peter Birk"]
[Result "0-1"]
[WhiteElo "1918"]
[BlackElo "2126"]
[PlyCount "126"]
[EventDate "2014.07.21"]
[EventType "swiss"]
[EventRounds "10"]
[EventCountry "DEN"]
[Source "ChessBase"]
[SourceDate "2014.08.29"]

1. e4 c5 2. c3 d5 3. exd5 Qxd5 4. d4 e6 5. Nf3 Nf6 6. Na3 Nc6 7. Be2 cxd4 8.
Nb5 Qd8 9. Nbxd4 Nxd4 10. Nxd4 Be7 11. O-O O-O 12. Qb3 e5 13. Nf3 Qc7 14. Qc4
Bd6 15. Qxc7 Bxc7 16. Re1 Be6 17. Bb5 Rad8 18. Bg5 h6 19. Bh4 Bf5 20. Bg3 Ne4
21. Bxe5 Bxe5 22. Nxe5 Rd5 23. Bd7 Bh7 24. f4 Rd2 25. Ba4 Nc5 26. Nc4 Rdd8 27.
Bb3 Nd3 28. Re7 Nc5 29. Rae1 a6 30. Ne5 Nxb3 31. axb3 Rd2 32. Rxb7 Rxb2 33. c4
Rd8 34. Rd7 Re8 35. Rb7 Bf5 36. g4 Bxg4 37. Nd3 Rxe1+ 38. Nxe1 Be6 39. Rb8+ Kh7
40. Rb6 Bxc4 41. Rb4 Be2 42. Re4 Bb5 43. Rb4 Kg6 44. Nf3 f6 45. Nd4 Bd3 46. Ra4
Kh5 47. f5 Kg4 48. b4 Kf4 49. b5 axb5 50. Nxb5+ Kxf5 51. Nc3 g5 52. Nd5 h5 53.
Ne3+ Kg6 54. Rd4 Bb5 55. Rd6 g4 56. Nd5 Kg5 57. Nxf6 Be2 58. Nh7+ Kh4 59. Rh6
Bf3 60. Nf8 Rg2+ 61. Kf1 Rxh2 62. Rh8 g3 63. Ng6+ Kg5 0-1

[Event "36. Copenhagen Open (Politiken Cup)"]
[Site "Elsinore"]
[Date "2014.07.23"]
[Round "4"]
[White "Subramanian, Aditya"]
[Black "Haagen Larsen, Hans"]
[Result "0-1"]
[WhiteElo "1938"]
[BlackElo "1683"]
[PlyCount "64"]
[EventDate "2014.07.21"]
[EventType "swiss"]
[EventRounds "10"]
[EventCountry "DEN"]
[Source "ChessBase"]
[SourceDate "2014.08.29"]

1. d4 d6 2. Nf3 g6 3. c4 Bg7 4. Nc3 Nc6 5. e4 e5 6. Be3 Bd7 7. Be2 exd4 8. Nxd4
Nge7 9. O-O O-O 10. Rc1 Qc8 11. Qd2 f5 12. Bf3 Ne5 13. Be2 fxe4 14. Nxe4 Nf5
15. Nxf5 Bxf5 16. Ng3 Bg4 17. c5 Bxe2 18. Nxe2 dxc5 19. Rxc5 c6 20. Bd4 Re8 21.
Rc3 Qc7 22. Ng3 Rad8 23. Qf4 Rxd4 24. Qxd4 Nf3+ 25. Rxf3 Bxd4 26. Rd1 Bxb2 27.
Rfd3 Re7 28. Rd8+ Kg7 29. Ra8 b6 30. h4 c5 31. h5 Bd4 32. Kf1 Qf4 0-1

[Event "36. Copenhagen Open (Politiken Cup)"]
[Site "Elsinore"]
[Date "2014.07.23"]
[Round "4"]
[White "Suntharalingam, Jarani"]
[Black "Ulberth, Nicolas"]
[Result "1-0"]
[WhiteElo "1646"]
[BlackElo "1809"]
[PlyCount "86"]
[EventDate "2014.07.21"]
[EventType "swiss"]
[EventRounds "10"]
[EventCountry "DEN"]
[Source "ChessBase"]
[SourceDate "2014.08.29"]

1. e4 Nc6 2. Nf3 d6 3. c3 Nf6 4. d3 g6 5. Be2 Bg7 6. O-O O-O 7. Bg5 h6 8. Bd2
a6 9. a4 b6 10. Nh4 Bb7 11. Kh1 e6 12. Nf3 Nd7 13. Ng1 Ne7 14. Nh3 a5 15. Na3
Nc5 16. Nb5 Ba6 17. Be3 c6 18. Nd4 Qc7 19. Ra3 Nd7 20. Qd2 Kh7 21. f4 f5 22.
Nxe6 Qc8 23. Nxf8+ Bxf8 24. Rb3 b5 25. Ra3 Qc7 26. Rfa1 fxe4 27. dxe4 Nf6 28.
Nf2 b4 29. cxb4 Bxe2 30. Qxe2 axb4 31. Rb3 c5 32. Qc2 Nc6 33. Rd3 Re8 34. Rd2
Na5 35. Re2 Qc6 36. Bd2 Qa6 37. Rae1 Nc6 38. Be3 Nh5 39. Rd2 Nf6 40. Rdd1 Nd7
41. e5 Nd8 42. exd6 Bxd6 43. Qd3 Nf7 1-0

[Event "36. Copenhagen Open (Politiken Cup)"]
[Site "Elsinore"]
[Date "2014.07.23"]
[Round "4"]
[White "Svane, Frederik"]
[Black "Ivarsson, Torbjorn"]
[Result "0-1"]
[WhiteElo "1824"]
[BlackElo "2131"]
[PlyCount "126"]
[EventDate "2014.07.21"]
[EventType "swiss"]
[EventRounds "10"]
[EventCountry "DEN"]
[Source "ChessBase"]
[SourceDate "2014.08.29"]

1. e4 d5 2. exd5 Nf6 3. Nc3 Nxd5 4. Bc4 Nb6 5. Bb5+ Bd7 6. Bxd7+ Qxd7 7. Nf3
Nc6 8. d4 O-O-O 9. Be3 e5 10. Nxe5 Nxe5 11. dxe5 Qf5 12. Qe2 Bb4 13. Bxb6 axb6
14. O-O Rhe8 15. Rae1 Rd4 16. a3 Bxc3 17. bxc3 Ra4 18. Qb5 Qd7 19. Qb3 Rf4 20.
Rd1 Qc6 21. Rd4 Rf5 22. f4 g5 23. Rc4 Qe6 24. g4 Rxf4 25. Rcxf4 gxf4 26. Qxe6+
Rxe6 27. Rxf4 Rxe5 28. Rxf7 Rg5 29. h3 h5 30. Rf3 Kd7 31. Kg2 hxg4 32. Rf7+ Kd6
33. h4 Rc5 34. Kg3 Rxc3+ 35. Kxg4 Rxc2 36. Rf3 Rg2+ 37. Kf5 Rh2 38. Kg5 c5 39.
h5 c4 40. h6 Ke5 41. Kg6 Kd4 42. h7 c3 43. Rf4+ Kd3 44. Rf3+ Kc4 45. Rf2 Rh3
46. Rf3 Rxh7 47. Kxh7 c2 48. Rf7 Kb3 49. Rxb7 c1=Q 50. Rxb6+ Kxa3 51. Ra6+ Kb4
52. Rb6+ Kc5 53. Rg6 Kd5 54. Kg7 Ke5 55. Rf6 Qg5+ 56. Rg6 Qe7+ 57. Kh6 Kf5 58.
Rg8 Qh4+ 59. Kg7 Qg5+ 60. Kh7 Qh5+ 61. Kg7 Qg6+ 62. Kf8 Qf6+ 63. Ke8 Ke6 0-1

[Event "36. Copenhagen Open (Politiken Cup)"]
[Site "Elsinore"]
[Date "2014.07.23"]
[Round "4"]
[White "Svedberg, Hans"]
[Black "Madison, Sigurd"]
[Result "1-0"]
[WhiteElo "1997"]
[BlackElo "1792"]
[PlyCount "77"]
[EventDate "2014.07.21"]
[EventType "swiss"]
[EventRounds "10"]
[EventCountry "DEN"]
[Source "ChessBase"]
[SourceDate "2014.08.29"]

1. e4 e5 2. Nf3 d6 3. d4 exd4 4. Nxd4 g6 5. Nc3 Bg7 6. Be3 Nf6 7. h3 O-O 8. g4
Re8 9. Bg2 Nc6 10. O-O Rb8 11. Qd2 Ne5 12. b3 a6 13. Rad1 Bd7 14. f4 Nc6 15.
Nde2 b5 16. Ng3 b4 17. Nce2 h6 18. c3 a5 19. c4 Qc8 20. c5 Rd8 21. cxd6 cxd6
22. Rc1 Ne8 23. Nd4 Qa6 24. Rfd1 Nxd4 25. Bxd4 Bxd4+ 26. Qxd4 Bb5 27. Bf1 Rdc8
28. f5 Kh7 29. Qd5 Qa7+ 30. Kg2 Bxf1+ 31. Rxf1 Rd8 32. fxg6+ Kxg6 33. Qh5+ Kg7
34. Nf5+ Kf8 35. Qxh6+ Kg8 36. Qg5+ Kf8 37. Nh6 Rd7 38. Rxf7+ Rxf7 39. Qg8+ 1-0

[Event "36. Copenhagen Open (Politiken Cup)"]
[Site "Elsinore"]
[Date "2014.07.23"]
[Round "4"]
[White "Tallaksen, Henrik G"]
[Black "Justinussen, Sigurd B"]
[Result "0-1"]
[WhiteElo "1771"]
[BlackElo "1978"]
[PlyCount "106"]
[EventDate "2014.07.21"]
[EventType "swiss"]
[EventRounds "10"]
[EventCountry "DEN"]
[Source "ChessBase"]
[SourceDate "2014.08.29"]

1. e4 e5 2. Nf3 Nc6 3. d4 exd4 4. Bc4 d6 5. Nxd4 Nf6 6. Nc3 Be7 7. O-O O-O 8.
f3 Bd7 9. Be3 a6 10. Nd5 Nxd5 11. Bxd5 Nxd4 12. Bxd4 Qc8 13. Qd2 Bb5 14. Rfd1
c6 15. Bb3 c5 16. Bf2 c4 17. a4 Bd7 18. Ba2 Bxa4 19. Bxc4 Qxc4 20. b3 Bxb3 21.
cxb3 Qe6 22. Qd5 Qxd5 23. Rxd5 Rfc8 24. Rad1 Rc3 25. e5 dxe5 26. Rd7 Bf6 27.
Rxb7 Rac8 28. Kf1 h6 29. b4 Rc1 30. Rbd7 Rxd1+ 31. Rxd1 Be7 32. Be1 Rb8 33. Ra1
Rb6 34. Ra5 f6 35. Ke2 Kf7 36. g4 Bxb4 37. Bxb4 Rxb4 38. Rxa6 Rb2+ 39. Ke3 Rxh2
40. Ra7+ Kg6 41. Ra5 Rb2 42. Ke4 Rb4+ 43. Ke3 h5 44. gxh5+ Kxh5 45. Ra7 Kh6 46.
Re7 g6 47. Rf7 Kg5 48. Rh7 f5 49. Re7 Rb3+ 50. Kf2 Kf4 51. Re6 g5 52. Rf6 Rxf3+
53. Ke2 g4 0-1

[Event "36. Copenhagen Open (Politiken Cup)"]
[Site "Elsinore"]
[Date "2014.07.23"]
[Round "4"]
[White "Tandrup, Michael"]
[Black "Pedersen, Carl Aage"]
[Result "1-0"]
[WhiteElo "2019"]
[BlackElo "1769"]
[PlyCount "41"]
[EventDate "2014.07.21"]
[EventType "swiss"]
[EventRounds "10"]
[EventCountry "DEN"]
[Source "ChessBase"]
[SourceDate "2014.08.29"]

1. d4 d5 2. Nf3 e6 3. c4 Nf6 4. Nc3 c6 5. e3 Be7 6. Bd3 O-O 7. O-O Nbd7 8. b3
b6 9. Bb2 Bb7 10. Rc1 Rc8 11. Qe2 Bd6 12. cxd5 exd5 13. Rfd1 Qe7 14. Ba6 Nb8
15. Bxb7 Qxb7 16. e4 dxe4 17. Nxe4 Nxe4 18. Qxe4 Qe7 19. Qg4 Qe6 20. Qxg7+ Kxg7
21. d5+ 1-0

[Event "36. Copenhagen Open (Politiken Cup)"]
[Site "Elsinore"]
[Date "2014.07.23"]
[Round "4"]
[White "Tari, Aryan"]
[Black "Veng, Johny"]
[Result "1-0"]
[WhiteElo "2412"]
[BlackElo "2244"]
[PlyCount "67"]
[EventDate "2014.07.21"]
[EventType "swiss"]
[EventRounds "10"]
[EventCountry "DEN"]
[Source "ChessBase"]
[SourceDate "2014.08.29"]

1. e4 d6 2. d4 Nf6 3. Nc3 e5 4. Nf3 Nbd7 5. Bc4 Be7 6. O-O O-O 7. a4 a5 8. Re1
Nb6 9. Bf1 exd4 10. Nxd4 Nfd7 11. f4 Bf6 12. Be3 Re8 13. Qf3 c6 14. Rad1 g6 15.
Bf2 Bg7 16. Re2 Nf6 17. h3 Be6 18. Nxe6 fxe6 19. b3 d5 20. Rde1 d4 21. Rd2 c5
22. Nb5 e5 23. c3 Nfd7 24. cxd4 cxd4 25. fxe5 Nxe5 26. Qd1 Nc6 27. Nxd4 Nxd4
28. Bxd4 Bxd4+ 29. Rxd4 Qe7 30. Kh1 Rad8 31. e5 Rxd4 32. Qxd4 Qb4 33. Qxb4 axb4
34. Re4 1-0

[Event "36. Copenhagen Open (Politiken Cup)"]
[Site "Elsinore"]
[Date "2014.07.23"]
[Round "4"]
[White "Thogersen, Rasmus"]
[Black "Fries Nielsen, Niels Jorgen"]
[Result "0-1"]
[WhiteElo "2089"]
[BlackElo "2297"]
[PlyCount "72"]
[EventDate "2014.07.21"]
[EventType "swiss"]
[EventRounds "10"]
[EventCountry "DEN"]
[Source "ChessBase"]
[SourceDate "2014.08.29"]

1. e4 g6 2. d4 Bg7 3. Nc3 e6 4. Nf3 d6 5. Be3 a6 6. Qd2 h6 7. a4 b6 8. Bd3 Nd7
9. O-O Ne7 10. d5 exd5 11. Nxd5 Nc5 12. Bd4 Bxd4 13. Nxd4 Nxd5 14. exd5 O-O 15.
Qxh6 Nxd3 16. Nc6 Qf6 17. cxd3 Bd7 18. Qd2 Rfe8 19. a5 Bxc6 20. dxc6 b5 21.
Rfe1 d5 22. Qc2 Qd4 23. g3 Rad8 24. Re2 Qb4 25. Kf1 Rxe2 26. Qxe2 Qc5 27. Qe3
Qxc6 28. Rc1 d4 29. Rxc6 dxe3 30. Rc3 exf2 31. Kxf2 b4 32. Rb3 Rd4 33. Ke3 c5
34. Kf3 f5 35. h3 Kf7 36. Ke3 Ke6 0-1

[Event "36. Copenhagen Open (Politiken Cup)"]
[Site "Elsinore"]
[Date "2014.07.23"]
[Round "4"]
[White "Thomsen, Kim"]
[Black "Thuesen, Mogens Henrik"]
[Result "0-1"]
[WhiteElo "1994"]
[BlackElo "2196"]
[PlyCount "75"]
[EventDate "2014.07.21"]
[EventType "swiss"]
[EventRounds "10"]
[EventCountry "DEN"]
[Source "ChessBase"]
[SourceDate "2014.08.29"]

1. d4 Nf6 2. c4 e6 3. Nc3 Bb4 4. Qc2 d5 5. cxd5 exd5 6. Nf3 O-O 7. Bg5 c6 8. e3
Nbd7 9. Bd3 h6 10. Bh4 Re8 11. O-O Bd6 12. Rfe1 Nf8 13. e4 dxe4 14. Nxe4 Be7
15. Nxf6+ Bxf6 16. Rxe8 Qxe8 17. Bxf6 gxf6 18. Qd2 Kg7 19. h3 Be6 20. Re1 Qd7
21. Bb1 Rd8 22. Re3 Ng6 23. Ra3 a6 24. Ra5 Bd5 25. Nh2 Qd6 26. Nf1 Qf4 27. Ne3
Kh8 28. Qd3 Re8 29. Bc2 Be4 30. Qd1 Nh4 31. Bxe4 Rxe4 32. d5 Qg5 33. Qe2 cxd5
34. Kh1 Nxg2 35. Qf3 Nxe3 36. Qxe4 dxe4 37. Rxg5 fxg5 38. fxe3 0-1

[Event "36. Copenhagen Open (Politiken Cup)"]
[Site "Elsinore"]
[Date "2014.07.23"]
[Round "4"]
[White "Thomsen, Kurt"]
[Black "Nielsen, Jorgen Lovgren"]
[Result "1/2-1/2"]
[WhiteElo "1940"]
[BlackElo "2135"]
[PlyCount "30"]
[EventDate "2014.07.21"]
[EventType "swiss"]
[EventRounds "10"]
[EventCountry "DEN"]
[Source "ChessBase"]
[SourceDate "2014.08.29"]

1. d4 f5 2. c4 Nf6 3. Nc3 g6 4. Bf4 Bg7 5. Nf3 d6 6. h3 O-O 7. e3 c6 8. Bd3 a5
9. O-O Na6 10. a3 Bd7 11. Qd2 Nh5 12. Bh2 Kh8 13. Rad1 Be6 14. Rfe1 Bg8 15. Bf1
Rc8 1/2-1/2

[Event "36. Copenhagen Open (Politiken Cup)"]
[Site "Elsinore"]
[Date "2014.07.23"]
[Round "4"]
[White "Thorsbro, Peter"]
[Black "Ramirez, Alejandro"]
[Result "0-1"]
[WhiteElo "2216"]
[BlackElo "2580"]
[PlyCount "80"]
[EventDate "2014.07.21"]
[EventType "swiss"]
[EventRounds "10"]
[EventCountry "DEN"]
[Source "ChessBase"]
[SourceDate "2014.08.29"]

1. d4 e6 2. c4 Bb4+ 3. Bd2 a5 4. Nf3 d5 5. e3 Nf6 6. Bd3 O-O 7. O-O b6 8. Re1
Bb7 9. Nc3 Ne4 10. cxd5 exd5 11. Rc1 Nd7 12. Bb1 Re8 13. Qb3 c6 14. Qc2 Bd6 15.
Ne2 g6 16. Ng3 h5 17. Bc3 Nxc3 18. bxc3 h4 19. Nf5 gxf5 20. Qxf5 Kf8 21. e4
dxe4 22. Qh7 Qf6 23. Bxe4 Qg7 24. Qxh4 Re6 25. Qh3 Qh6 26. Qf5 Rae8 27. Ng5 Nf6
28. Nxe6+ Rxe6 29. f3 Qxh2+ 30. Kf1 Bg3 31. Red1 c5 32. Qh3 Qxh3 33. gxh3 Nxe4
34. fxe4 Bxe4 35. dxc5 bxc5 36. Rd8+ Ke7 37. Rg8 Bd3+ 38. Kg2 Bf4 39. Rd1 c4
40. Ra8 Be4+ 0-1

[Event "36. Copenhagen Open (Politiken Cup)"]
[Site "Elsinore"]
[Date "2014.07.23"]
[Round "4"]
[White "Thybo, Jesper Sondergaard"]
[Black "Salomon, Johan"]
[Result "0-1"]
[WhiteElo "2121"]
[BlackElo "2346"]
[PlyCount "120"]
[EventDate "2014.07.21"]
[EventType "swiss"]
[EventRounds "10"]
[EventCountry "DEN"]
[Source "ChessBase"]
[SourceDate "2014.08.29"]

1. c4 c5 2. g3 g6 3. Bg2 Bg7 4. Nc3 Nc6 5. Nf3 e6 6. d4 cxd4 7. Nb5 d5 8. Qa4
Nge7 9. cxd5 Nxd5 10. Bg5 f6 11. Bd2 Nb6 12. Qb3 O-O 13. h4 Rf7 14. h5 g5 15.
a4 g4 16. Nh4 a6 17. Na3 Nd5 18. Nf5 Nde7 19. Nxg7 Kxg7 20. Nc4 Nd5 21. a5 Re7
22. Qa3 e5 23. Rh4 Be6 24. Nd6 Kh8 25. Be4 Rd7 26. Nf5 Nde7 27. Qd3 Nxf5 28.
Bxf5 Bxf5 29. Qxf5 d3 30. e3 Rg7 31. Ra4 Qd5 32. Raxg4 Qg2 33. Qxd3 Rxg4 34.
Rxg4 Qh1+ 35. Qf1 Qxh5 36. Qc4 Nd4 37. Rxd4 exd4 38. Qxd4 Qh1+ 39. Ke2 Qh5+ 40.
g4 Qb5+ 41. Ke1 Rf8 42. Bc3 Kg7 43. Qf4 h6 44. Qc7+ Rf7 45. Qf4 Qc6 46. Qf5 Qd6
47. Ke2 Qc6 48. Ke1 Qb5 49. Qf3 Qg5 50. Kf1 Re7 51. Ke1 Kg6 52. Qg3 Qd5 53. Qf4
Re6 54. Qb8 Re4 55. Qf8 Qe6 56. Qb8 Rxg4 57. Qxb7 Rg1+ 58. Ke2 Qg4+ 59. f3 Qc4+
60. Kd2 Rg2+ 0-1

[Event "36. Copenhagen Open (Politiken Cup)"]
[Site "Elsinore"]
[Date "2014.07.23"]
[Round "4"]
[White "Thybo, Thomas Sondergaard"]
[Black "Moller, Arne"]
[Result "1/2-1/2"]
[WhiteElo "1525"]
[BlackElo "1886"]
[PlyCount "45"]
[EventDate "2014.07.21"]
[EventType "swiss"]
[EventRounds "10"]
[EventCountry "DEN"]
[Source "ChessBase"]
[SourceDate "2014.08.29"]

1. d4 Nf6 2. Nf3 e6 3. c4 b6 4. Nc3 Bb7 5. e3 d6 6. Be2 Nbd7 7. O-O g6 8. Qc2
Bg7 9. e4 e5 10. d5 O-O 11. h3 a6 12. Be3 Nh5 13. Ne1 Nhf6 14. Nd3 Nc5 15. Nxc5
bxc5 16. Rab1 a5 17. Qa4 Nd7 18. Qb3 Nb6 19. Na4 Bc8 20. Nxb6 cxb6 21. a4 Bd7
22. Qc2 f5 23. f3 1/2-1/2

[Event "36. Copenhagen Open (Politiken Cup)"]
[Site "Elsinore"]
[Date "2014.07.23"]
[Round "4"]
[White "Timman, Jan H"]
[Black "Fries Nielsen, Jens Ove"]
[Result "0-1"]
[WhiteElo "2610"]
[BlackElo "2398"]
[PlyCount "66"]
[EventDate "2014.07.21"]
[EventType "swiss"]
[EventRounds "10"]
[EventCountry "DEN"]
[Source "ChessBase"]
[SourceDate "2014.08.29"]

1. d4 g6 2. e4 Bg7 3. Nf3 e6 4. Bd3 Ne7 5. c3 b6 6. h4 h6 7. Nbd2 Bb7 8. Qe2 d6
9. Nf1 a6 10. Ng3 Nd7 11. Bd2 c5 12. O-O O-O 13. Rad1 cxd4 14. cxd4 Nc6 15. Be3
Nf6 16. Nh2 Nd7 17. h5 Nxd4 18. Qd2 g5 19. f4 g4 20. Bb1 Nc6 21. Qe2 Qh4 22.
Bf2 Nf6 23. Rxd6 Rfd8 24. Rxd8+ Rxd8 25. e5 Nd4 26. Qe1 Bxg2 27. exf6 Nf3+ 28.
Nxf3 Bxf3 29. Be3 Bxf6 30. Qf2 Bxb2 31. Be4 Rd2 32. Bxd2 Bd4 33. Bxf3 gxf3 0-1

[Event "36. Copenhagen Open (Politiken Cup)"]
[Site "Elsinore"]
[Date "2014.07.23"]
[Round "4"]
[White "Tretvold, Martin"]
[Black "Langer, Peter"]
[Result "1/2-1/2"]
[WhiteElo "1857"]
[BlackElo "1546"]
[PlyCount "52"]
[EventDate "2014.07.21"]
[EventType "swiss"]
[EventRounds "10"]
[EventCountry "DEN"]
[Source "ChessBase"]
[SourceDate "2014.08.29"]

1. Nf3 Nf6 2. c4 e6 3. g3 b6 4. d4 Bb7 5. Bg2 Be7 6. O-O c5 7. Nc3 O-O 8. d5
exd5 9. cxd5 d6 10. e4 Nbd7 11. e5 Ng4 12. exd6 Bxd6 13. Ng5 Ngf6 14. Nb5 Ne5
15. Nxd6 Qxd6 16. Bf4 Bxd5 17. Re1 Rfe8 18. Ne4 Nxe4 19. Bxe4 Rad8 20. Qh5 Bxe4
21. Rxe4 g6 22. Qe2 f6 23. Re1 Kf7 24. Bxe5 Rxe5 25. Rxe5 fxe5 26. h4 Re8
1/2-1/2

[Event "36. Copenhagen Open (Politiken Cup)"]
[Site "Elsinore"]
[Date "2014.07.23"]
[Round "4"]
[White "Tryggestad, Andreas Garberg"]
[Black "Inhoven, Stefan"]
[Result "1/2-1/2"]
[WhiteElo "1912"]
[BlackElo "2124"]
[PlyCount "67"]
[EventDate "2014.07.21"]
[EventType "swiss"]
[EventRounds "10"]
[EventCountry "DEN"]
[Source "ChessBase"]
[SourceDate "2014.08.29"]

1. e4 g6 2. f4 d5 3. e5 c5 4. Nf3 Bg4 5. h3 Bxf3 6. Qxf3 e6 7. c4 Nc6 8. d3 h5
9. Nc3 Nb4 10. Qf2 dxc4 11. dxc4 Nd3+ 12. Bxd3 Qxd3 13. Qe2 O-O-O 14. Be3 Be7
15. Qxd3 Rxd3 16. Ke2 Rd8 17. Ne4 b6 18. g4 Nh6 19. Kf3 Rd7 20. Rad1 Rxd1 21.
Rxd1 Rd8 22. Rxd8+ Kxd8 23. Nc3 hxg4+ 24. hxg4 Bf8 25. Bd2 Kd7 26. Ne4 Ng8 27.
Be1 Be7 28. Bc3 Kc6 29. g5 Bf8 30. Nf2 Ne7 31. Ng4 Nf5 32. Ke4 Bg7 33. Be1 Bf8
34. Bf2 1/2-1/2